| 000 | 00840nam a22002295a 4500 | ||
|---|---|---|---|
| 003 | OSt | ||
| 005 | 20170327094317.0 | ||
| 008 | 170322s2007 ua frb 000 0 ara d | ||
| 040 |
_aEG-ScBUE _bara _cEG-ScBUE |
||
| 082 | 0 | 4 |
_a340.59 _bح س ن _222 |
| 100 | 1 | _aحسني، محمود نجيب. | |
| 245 | 1 | 2 |
_aالفقه الجنائي الإسلامي : _bالجريمة / _cتأليف محمود نجيب حسني. |
| 250 | _aط. 1. | ||
| 260 |
_aالقاهرة : _bدار النهضة العربية، _c2007. |
||
| 300 |
_a570 ص. ؛ _c24 سم. |
||
| 504 | _aيشتمل على إرجاعات ببليوجرافية. | ||
| 650 | 7 |
_aالجنايات (فقه إسلامي) _2BUEsh |
|
| 650 | 7 |
_aالجريمة والمجرمون _xقوانين وتشريعات. _2BUEsh |
|
| 651 | _2BUEsh | ||
| 653 |
_bLLAAWW _cMarch2017 |
||
| 942 | _2ddc | ||
| 999 |
_c24534 _d24506 |
||